Islandia - Gminy Islandii (Podział administracyjny Islandii) - Mapa - Statystyki

Ogólne statystyki
  • Ten quiz został rozwiązany 132 razy
  • Średni wynik to 9 z 62
Odpowiedzi na mapie
Odpowiedzi zakodowano w zielono-czerwonej skali na mapie do tego quizu, zgodnie z poniższymi procentami.
 
Statystyki odpowiedzi
Gmina % Poprawnych
Reykjavíkurborg / Reykjavík
86%
Sveitarfélagið Árborg
29%
Sveitarfélagið Ölfus
29%
Sveitarfélagið Vogar
29%
Árneshreppur
21%
Ásahreppur
21%
Bláskógabyggð
21%
Borgarbyggð
21%
Dalabyggð
21%
Garðabær
21%
Suðurnesjabær
21%
Akraneskaupstaður
14%
Akureyrarbær
14%
Dalvíkurbyggð
14%
Eyjafjarðarsveit
14%
Eyja- og Miklaholtshreppur
14%
Fjarðabyggð
14%
Fljótsdalshreppur
14%
Flóahreppur
14%
Grindavíkurbær
14%
Hafnarfjarðarkaupstaður
14%
Húnabyggð
14%
Húnaþing vestra
14%
Kaldrananeshreppur
14%
Kjósarhreppur
14%
Kópavogsbær
14%
Mosfellsbær
14%
Múlaþing
14%
Norðurþing
14%
Reykhólahreppur
14%
Reykjanesbær
14%
Seltjarnarnesbær
14%
Skagafjörður
14%
Strandabyggð
14%
Súðavíkurhreppur
14%
Sveitarfélagið Skagaströnd
14%
Vesturbyggð
14%
Vopnafjarðarhreppur
14%
Bolungarvíkurkaupstaður
7%
Fjallabyggð
7%
Grímsnes- og Grafningshreppur
7%
Grundarfjarðarbær
7%
Grýtubakkahreppur
7%
Hörgársveit
7%
Hrunamannahreppur
7%
Hvalfjarðarsveit
7%
Hveragerðisbær
7%
Ísafjarðarbær
7%
Langanesbyggð
7%
Mýrdalshreppur
7%
Rangárþing eystra
7%
Rangárþing ytra
7%
Skaftárhreppur
7%
Skeiða- og Gnúpverjahreppur
7%
Skorradalshreppur
7%
Snæfellsbær
7%
Svalbarðsstrandarhreppur
7%
Sveitarfélagið Hornafjörður
7%
Sveitarfélagið Stykkishólmur
7%
Þingeyjarsveit
7%
Tjörneshreppur
7%
Vestmannaeyjabær
7%
Nie znaleziono quizów pasujących do podanych kryteriów
Rozkład punktacji
Procent ludzi z każdym wynikiem
Percentyl według liczby udzielonych odpowiedzi
Twoja historia wyników
Nie rozwiązałeś tego quizu